Estatuto da Advocacia e a Ética do Profissional

Bibliographic Details
Main Author: de Souza Vale, Lincoln Biela
Format: Book
Language:Portuguese
Published: Brasil LTR Editora 2015
Subjects:
Online Access:Acceso restringido

MARC

LEADER 00000nam a22000007a 4500
005 20160118121239.0
007 cr|||| ||u|
008 160118s2015 bl ||||| |||| 00||0 por d
020 |a 978-85-361-8536-1 
035 |a 13028 
040 |a vLex 
090 |c 5797  |d 5797 
100 1 |a de Souza Vale, Lincoln Biela 
245 1 0 |a Estatuto da Advocacia e a Ética do Profissional  |h [Recurso electrn̤ico] /  |c Lincoln Biela de Souza Vale  
256 |a Servicio en ln̕ea  
260 |a Brasil  |b LTR Editora  |c 2015 
300 |a 1 recurso electrn̤ico (3® ediȯ̂ 168 pg̀s) 
506 1 |a Contenido solo disponible en los productos indicados  |d vLex Global  |d vLex Global (Academic Edition, excluding Law Schools)  |d vLex Global (U.S. Academic Edition, Law Schools)  |d vLex Global (U.S. Academic Edition, excluding Law Schools)  |d vLex Global (Academic Edition, Law Schools) 
650 0 4 |a Derecho  |z Brasil 
740 0 |a vLex 
856 4 0 |u http://vlex.com/source/estatuto-advocacia-etica-profissional-13028  |z Acceso restringido  
942 |c BOOK 
999 0 |a Law